| 000 | 00000nam##2200000za#4500 |
| 001 | 9.699539 |
| 003 | CaOODSP |
| 005 | 20210927150511 |
| 007 | cr ||||||||||| |
| 008 | 150407|2007||||xxc|||||o f|0| 0 eng|d |
| 040 | |aCaOODSP|beng |
| 043 | |an-cn--- |
| 086 | 1 |aR74-25/2007E-PDF |
| 110 | 1 |aCanada. |bIndian and Northern Affairs Canada. |
| 245 | 10|aTailings remediation : |h[electronic resource]|bGiant Mine Remediation Project |
| 260 | |aYellowknife - Northwest Territories : |bIndian and Northern Affairs |c[June 2007]. |
| 300 | |a2p.|bfig. |
| 590 | |a15-02-Supp|b2015-02-16 |
| 690 | 07|aDecontamination|2gcpds |
| 690 | 07|aMining industry|2gcpds |
| 775 | 08|tAssainissement des résidus miniers : |w(CaOODSP)9.643504 |
| 856 | 40|ahttp://publications.gc.ca|qPDF|s275 KB|uhttps://publications.gc.ca/collections/collection_2014/aadnc-aandc/R74-25-2007-eng.pdf |
| 986 | |aQS-Y277-000-EE-A1 |